000
00288nam a22001097a 4500
082
_a
684.1 DAH'C
100
_a
DAHL, ALF,WILSON, J. DOUGLAS
_9
58135
245
_a
CABINETANAKING AND MILLWORK TOOLS MATERIALS CONSTRUCTION LAYOUT
260
_a
USA
_b
ATS
_c
1956
300
_a
352P
942
_c
BK
999
_c
568349
_d
568349